Gral. Juan N. Almonte: insurgente, liberal y conservador, ensayo biográfico

Gespeichert in:
Bibliographische Detailangaben
1. Verfasser: Campos-Farfán, César (VerfasserIn)
Format: Buch
Sprache:Spanisch
Veröffentlicht: Morelia Casa Natal de Morelos 2001
Schlagworte:
Tags: Tag hinzufügen
Keine Tags, Fügen Sie den ersten Tag hinzu!

MARC

LEADER 00000nam a2200000 a 4500
001 UCM6448
003 CL-VaPUC
008 021108e20010000mx |||||||||||||||||spa|d
082 0 4 |a 923.5  |b CAM  |2 21 
100 0 |a Campos-Farfán, César  |e author  |9 472337 
245 1 0 |a Gral. Juan N. Almonte: insurgente, liberal y conservador, ensayo biográfico 
300 |a 69 p 
942 |c BK 
945 |d 20021108 00:00:00  |a cmena 
260 |a Morelia  |b Casa Natal de Morelos  |c 2001 
600 0 7 |a ALMONTE, JUAN NEPOMUCENO  |2 CL-VaPUC  |9 472338 
650 0 |a Historia de México  |9 321806 
650 0 |a Biografías  |9 255210 
583 |a last modification  |c 20130807 02:41:08  |k Rodrigo Vera 
999 |c 301850  |d 301848 
952 |0 0  |1 0  |4 0  |6 923_500000000000000_CAM_2001  |7 0  |8 A  |9 361521  |a BIBHIS  |b BIBHIS  |d 2019-11-21  |i 3819426  |o 923.5 CAM 2001  |p 3819426  |r 2025-01-20  |w 2019-11-21  |y BK  |k HIS